|
|
|
|
| LEADER |
01107nam a2200253 u 4500 |
| 001 |
10061708 |
| 003 |
upatras |
| 005 |
20240704112850.0 |
| 008 |
070529s1981 gr gre |
| 040 |
|
|
|a GR-PaULI
|c GR-PaULI
|
| 041 |
0 |
|
|a gre
|
| 082 |
0 |
4 |
|a 792.022 6
|
| 100 |
1 |
|
|a Πατεράκη, Γιολάντα,
|d 1934-
|9 52170
|
| 245 |
1 |
0 |
|a Ένα κόλπο που πιάνει
|c Γιολάντα Πατεράκη; εξώφυλλο Σοφία Πατεράκη
|
| 260 |
|
|
|a Αθήνα
|b Παιδική βιβλιοθήκη
|c 1981
|
| 300 |
|
|
|a 48 σ.
|c 21 εκ.
|
| 500 |
|
|
|a Θεατρικό έργο για παιδιά
|
| 650 |
|
4 |
|a Παιδικό θέατρο
|9 2573
|
| 700 |
1 |
|
|9 10
|a Ζαραμπούκα, Σοφία,
|d 1939-
|4 ill
|
| 852 |
|
|
|a GR-PaULI
|b ΠΑΤΡΑ
|b ΒΚΠ
|b ΒΣ1
|k ΑΣΧΕ
|h 792.022 6 ΠΑΤ
|m 084141
|p 025000149711
|t 1
|
| 942 |
|
|
|2 ddc
|c BK15
|
| 952 |
|
|
|0 0
|1 0
|4 0
|6 792_022000000000000_6_ΠΑΤ
|7 0
|9 59779
|a LISP
|b LISP
|c BSC
|d 2016-04-24
|i 084141
|l 0
|o 792.022 6 ΠΑΤ
|p 025000149711
|r 2016-04-24 00:00:00
|t 1
|w 2016-04-24
|y BK15
|
| 998 |
|
|
|c ΠΑΠΑΧΡΙΣΤΟΠΟΥΛΟΣ
|d 2007-05
|
| 999 |
|
|
|c 38060
|d 38060
|